[Event "Rottach Egern Seniors Cup 13th"]
[Site "Rottach Egern"]
[Date "2025.04.02"]
[Round "5"]
[White "Naumann, Sigrun"]
[Black "Baumert, Heiko"]
[Result "0-1"]
[WhiteElo "1481"]
[BlackElo "1785"]
[PlyCount "30"]
[EventDate "2025.03.29"]
[EventType "swiss"]
[EventRounds "9"]
[EventCountry "GER"]
[SourceTitle "CB16_2025"]
[SourceDate "2025.04.16"]
[SourceVersion "1"]
[SourceVersionDate "2025.04.16"]
[SourceQuality "1"]

1. e4 e5 2. Nf3 Nf6 3. Bc4 Nxe4 4. Nxe5 d5 5. Bb3 Be6 6. Nd3 Bd6 7. f3 Nc5 8. Qe2 0-0 9. 0-0 Re8 10. Qd1 Qh4 11. h3 Qg3 12. Rf2 Qh2+ 13. Kf1 Qh1+ 14. Ke2 Bf5+ 15. Ne5 Rxe5# 0-1

[Event "Rottach Egern Seniors Cup 11th"]
[Site "Rottach Egern"]
[Date "2023.04.15"]
[Round "1"]
[White "Buese, Ralf"]
[Black "Naumann, Sigrun"]
[Result "1-0"]
[WhiteElo "1883"]
[BlackElo "1220"]
[PlyCount "37"]
[EventDate "2023.04.15"]
[EventType "swiss"]
[EventRounds "9"]
[EventCountry "GER"]
[SourceTitle "EXT 2024"]
[Source "ChessBase"]
[SourceDate "2023.10.10"]
[SourceVersion "1"]
[SourceVersionDate "2023.10.10"]
[SourceQuality "1"]

1. d4 d5 2. Nf3 Nf6 3. g3 g6 4. Bg2 Bg7 5. 0-0 0-0 6. c4 c6 7. Nc3 Nbd7 8. cxd5 cxd5 9. Qb3 Nb6 10. Ne5 e6 11. a4 a5 12. Bf4 Bd7 13. Nxd7 Nfxd7 14. Nb5 e5 15. dxe5 Nxe5 16. Rfd1 g5 17. Be3 Rc8 18. Na7 Rb8 19. Bxb6 1-0